[Event "Oslo GM Open"]
[Site "Oslo NOR"]
[Date "2011.10.03"]
[Round "2"]
[White "Raznikov, Danny"]
[Black "Sadler, Matthew D"]
[Result "1/2-1/2"]
[WhiteTitle "IM"]
[BlackTitle "GM"]
[WhiteElo "2433"]
[BlackElo "2625"]
[WhiteFideId "2811154"]
[BlackFideId "400173"]
[EventDate "2011.10.02"]

1. d4 e6 2. c4 f5 3. g3 Nf6 4. Bg2 Be7 5. Nf3 O-O 6. O-O Ne4 7. Nbd2 Bf6 8. b3
Nc6 9. Bb2 d5 10. e3 a5 11. a3 Bd7 12. Rc1 Be8 13. Ne1 Bf7 14. Nd3 Ne7 15. Nb1
g5 16. f3 Nd6 17. Qc2 c6 18. c5 Nb5 19. a4 Nc7 20. Nc3 Bg7 21. Ne2 Bh5 22. Qd2
Ne8 23. Bc3 Nf6 24. Rb1 Nd7 25. Nec1 Qc7 26. f4 h6 27. Ne5 Nf6 28. Ncd3 Ne4 29.
Qc2 Be2 30. Rfc1 Bxd3 31. Nxd3 Ng6 32. Bf3 gxf4 33. Nxf4 Nxf4 34. gxf4 Nxc3 35.
Qxc3 Bf6 36. Kh1 Kh7 37. Rg1 Rg8 38. Rxg8 Rxg8 39. Rg1 Rxg1+ 1/2-1/2

[Event "Oslo GM Open"]
[Site "Oslo NOR"]
[Date "2011.10.03"]
[Round "2"]
[White "Volkov, Sergey"]
[Black "Aguera Naredo, Javier"]
[Result "1-0"]
[WhiteTitle "GM"]
[BlackTitle "FM"]
[WhiteElo "2614"]
[BlackElo "2345"]
[WhiteFideId "4122763"]
[BlackFideId "2204169"]
[EventDate "2011.10.02"]

1. d4 Nf6 2. c4 g6 3. Nc3 Bg7 4. e4 d6 5. Be2 O-O 6. Nf3 Na6 7. O-O e5 8. Be3
Ng4 9. Bg5 Qe8 10. Re1 exd4 11. Nd5 f6 12. Bf4 d3 13. Bxd3 Ne5 14. Rc1 Qf7 15.
b3 Kh8 16. h3 Nc5 17. Bb1 Ne6 18. Be3 b6 19. Nh2 c5 20. f4 Nc6 21. f5 Nc7 22.
Nc3 Rd8 23. Nf1 Bd7 24. Ng3 Ne5 25. Qd2 g5 26. Qe2 Bc6 27. Nf1 h5 28. Nd2 Re8
29. Nf3 Bh6 30. Rcd1 Rad8 31. Rd2 Nxf3+ 32. Qxf3 Rg8 33. Qd1 Bf8 34. Bd3 Be8 35.
Be2 Rd7 36. Bf3 Qh7 37. Kf2 Bf7 38. g4 h4 39. Kg2 Be7 40. Bg1 Rgd8 41. e5 fxe5
42. Bc6 Be8 43. Ne4 Qh6 44. Bh2 1-0

[Event "Oslo GM Open"]
[Site "Oslo NOR"]
[Date "2011.10.03"]
[Round "2"]
[White "Batsiashvili, Nino"]
[Black "Hammer, Jon Ludvig"]
[Result "0-1"]
[WhiteTitle "WGM"]
[BlackTitle "GM"]
[WhiteElo "2413"]
[BlackElo "2601"]
[WhiteFideId "13602993"]
[BlackFideId "1503707"]
[EventDate "2011.10.02"]

1. d4 Nf6 2. c4 e6 3. Nf3 d5 4. Nc3 Be7 5. Bg5 h6 6. Bh4 O-O 7. e3 Ne4 8. Bxe7
Qxe7 9. Rc1 c6 10. Bd3 Nxc3 11. Rxc3 Nd7 12. cxd5 exd5 13. O-O Nf6 14. Qc2 Ne4
15. Bxe4 dxe4 16. Nd2 Re8 17. Rc5 f6 18. a4 Bg4 19. Rc1 Rad8 20. a5 a6 21. Nc4
Qf7 22. Nb6 Qg6 23. f4 Be6 24. Qf2 f5 25. Re5 Bb3 26. Qh4 Rxe5 27. Qxd8+ Re8 28.
Qd7 Qf7 29. Qxf7+ Kxf7 30. Rc5 Be6 31. Kf2 g5 32. g4 fxg4 33. fxg5 hxg5 34. Re5
Rh8 35. Kg2 Rh3 36. Rxe4 Kf6 37. b4 Rf3 38. Re5 Kf7 39. Na4 Bc4 40. e4 Kg6 41.
Nc5 Bf1+ 42. Kg1 Bh3 43. Rf5 Rc3 44. Re5 Rc1+ 45. Kf2 Rc2+ 46. Ke3 Rxh2 47. Ne6
g3 48. Nxg5 Bg4 49. Nf3 Bxf3 50. Kxf3 Rd2 51. Kxg3 Rxd4 52. b5 axb5 53. Re7 Kf6
54. Rxb7 Ke5 55. Rb6 Rc4 56. a6 Kxe4 57. a7 Ra4 58. Rxc6 Rxa7 59. Rb6 Ra5 60.
Kf2 Kd3 61. Rd6+ Kc3 62. Ke2 Ra2+ 63. Ke3 b4 64. Rc6+ Kb2 65. Kd3 Ra3+ 66. Kd2
b3 67. Rb6 Ra8 68. Kd3 Rc8 69. Rb7 Ka2 70. Ra7+ Kb1 71. Kd2 b2 72. Ra6 Rc5 73.
Ra8 Rd5+ 0-1

[Event "Oslo GM Open"]
[Site "Oslo NOR"]
[Date "2011.10.03"]
[Round "2"]
[White "Hanssen, Gunnar Berg"]
[Black "Burmakin, Vladimir"]
[Result "0-1"]
[BlackTitle "GM"]
[WhiteElo "2217"]
[BlackElo "2588"]
[WhiteFideId "1501534"]
[BlackFideId "4105109"]
[EventDate "2011.10.02"]

1. d4 c6 2. c4 Nf6 3. Nf3 d5 4. Nc3 a6 5. a4 Bf5 6. Qb3 Ra7 7. Bg5 e6 8. Nh4 Be4
9. f3 dxc4 10. Qxc4 Bd5 11. Qd3 h6 12. Bxf6 Qxf6 13. g3 c5 14. Nxd5 exd5 15. Bh3
Nc6 16. O-O Qxd4+ 17. Qxd4 Nxd4 18. e3 Nc6 19. Rad1 Nb4 20. f4 b6 21. Bg2 Rd7
22. Rd2 c4 23. Rfd1 Bc5 24. Kh1 O-O 25. Nf5 Kh7 26. Nd4 Re8 27. Nc2 Bxe3 28.
Nxe3 Rxe3 29. Bxd5 Rxd5 30. Rxd5 Nxd5 31. Rxd5 Re1+ 32. Kg2 Re2+ 0-1

[Event "Oslo GM Open"]
[Site "Oslo NOR"]
[Date "2011.10.03"]
[Round "2"]
[White "Ernst, Sipke"]
[Black "Paikidze, Nazi"]
[Result "1-0"]
[WhiteTitle "GM"]
[BlackTitle "WGM"]
[WhiteElo "2581"]
[BlackElo "2412"]
[WhiteFideId "1004689"]
[BlackFideId "13603620"]
[EventDate "2011.10.02"]

1. d4 d5 2. c4 e6 3. Nc3 Bb4 4. a3 Bxc3+ 5. bxc3 Nf6 6. e3 c6 7. a4 O-O 8. a5
Re8 9. Nf3 c5 10. Be2 Ne4 11. Bb2 Nc6 12. Qa4 Bd7 13. Qa3 b6 14. axb6 axb6 15.
Qxa8 Qxa8 16. Rxa8 Rxa8 17. O-O dxc4 18. Bxc4 Nd6 19. Bd3 Na5 20. Ra1 Bc6 21.
Ne5 Bb7 22. f3 c4 23. Bc2 f6 24. Ng4 b5 25. Kf1 h5 26. Nf2 b4 27. cxb4 c3 28.
Bxc3 Rc8 29. bxa5 Rxc3 30. Bd3 1-0

[Event "Oslo GM Open"]
[Site "Oslo NOR"]
[Date "2011.10.03"]
[Round "2"]
[White "Moor, Roger"]
[Black "Rozentalis, Eduardas"]
[Result "1/2-1/2"]
[WhiteTitle "IM"]
[BlackTitle "GM"]
[WhiteElo "2402"]
[BlackElo "2575"]
[WhiteFideId "1302590"]
[BlackFideId "12800023"]
[EventDate "2011.10.02"]

1. g3 d5 2. c4 dxc4 3. Nf3 b5 4. a4 b4 5. Bg2 Bb7 6. Qc2 Bd5 7. d3 cxd3 8. Qxd3
Nf6 9. O-O Nbd7 10. Bf4 e6 11. Nbd2 Nc5 12. Qc2 b3 13. Qc3 Be7 14. Qa5 c6 15.
Bc7 Qc8 16. Be5 Qb7 17. Rfc1 Nce4 18. Nxe4 Nxe4 19. Nd4 Bb4 20. Qc7 Qxc7 21.
Bxc7 Rc8 22. Bf4 f5 23. f3 Nf6 24. e4 fxe4 25. fxe4 Nxe4 26. Nxe6 Kf7 27. Nc7
Ba5 28. Nxd5 cxd5 29. Be3 Bb6 30. Rf1+ Kg6 31. Bxb6 axb6 32. Rad1 Nf6 33. Bxd5
Rc2 34. Bxb3 Rxb2 35. Be6 Re8 36. Bf5+ Kh6 37. Rf2 Ree2 1/2-1/2

[Event "Oslo GM Open"]
[Site "Oslo NOR"]
[Date "2011.10.03"]
[Round "2"]
[White "Spirin, Oleg"]
[Black "Welling, Gerard"]
[Result "0-1"]
[WhiteTitle "IM"]
[BlackTitle "IM"]
[WhiteElo "2493"]
[BlackElo "2322"]
[WhiteFideId "4134494"]
[BlackFideId "1000446"]
[EventDate "2011.10.02"]

1. Nf3 d5 2. d4 Nf6 3. c4 c6 4. Qb3 dxc4 5. Qxc4 Bg4 6. Nbd2 Nbd7 7. g3 e6 8.
Bg2 Be7 9. O-O O-O 10. Qb3 Qb6 11. Nc4 Qa6 12. e3 Bf5 13. Bd2 Be4 14. Rfc1 c5
15. a4 b6 16. Nfe5 Bxg2 17. Kxg2 Qb7+ 18. f3 cxd4 19. exd4 Rac8 20. Bb4 Bxb4 21.
Qxb4 Nxe5 22. dxe5 Nd5 23. Qd2 Qa6 24. b3 b5 25. Qa5 Qxa5 26. Nxa5 bxa4 27. bxa4
h6 28. Nb7 Rxc1 29. Rxc1 Rb8 30. Nd6 Rb2+ 31. Kh3 g5 32. Rc8+ Kg7 33. Ra8 Rf2
34. f4 Ne3 35. fxg5 hxg5 36. Ne4 Rf5 37. Nf6 Rxe5 38. Nh5+ Kg6 39. g4 Nxg4 40.
Kxg4 f5+ 41. Kf3 Kxh5 42. Rxa7 g4+ 43. Kf2 Kg5 44. Re7 Kf6 45. Ra7 Rc5 46. a5
Rc2+ 47. Kg3 Rc3+ 48. Kf2 Ra3 49. a6 Ke5 50. Ra8 Ke4 51. a7 e5 52. Ke2 f4 53.
Kd2 Kf3 0-1

[Event "Oslo GM Open"]
[Site "Oslo NOR"]
[Date "2011.10.03"]
[Round "2"]
[White "Gullaksen, Eirik"]
[Black "Elsness, Frode"]
[Result "0-1"]
[WhiteTitle "IM"]
[BlackTitle "IM"]
[WhiteElo "2376"]
[BlackElo "2491"]
[WhiteFideId "1500945"]
[BlackFideId "1501100"]
[EventDate "2011.10.02"]

1. e4 e5 2. Nf3 Nc6 3. Bb5 a6 4. Ba4 Nf6 5. Qe2 b5 6. Bb3 Be7 7. O-O O-O 8. c3
d5 9. d3 Bb7 10. Rd1 Re8 11. Nbd2 Bf8 12. Nf1 h6 13. Ng3 Na5 14. Bc2 c5 15. a3
Qc7 16. b4 Nc6 17. Bb2 a5 18. c4 dxc4 19. dxc4 bxc4 20. b5 c3 21. Bxc3 Nd4 22.
Bxd4 exd4 23. Nd2 Nd5 24. Re1 Nc3 25. Qd3 g6 26. Bb3 Kg7 27. a4 Bd6 28. Ngf1 Bf4
29. f3 Qe7 30. Nc4 Qf6 31. g3 Bc7 32. Rac1 h5 33. Rc2 Nd5 34. Rf2 Nb4 35. Qb1
Rad8 36. f4 Ra8 37. e5 Qf5 38. Qxf5 gxf5 39. Rd2 Bd5 40. h4 Kg6 41. Rde2 Bf3 42.
Rd2 Nd5 43. Rf2 Be4 44. Nfd2 Nc3 45. Nb2 Rab8 46. Nd1 Nxd1 47. Rxd1 Red8 48. Re1
Bb6 49. Bc4 d3 50. Rff1 Rd4 51. Rc1 Rbd8 52. Kf2 Kg7 53. Rfd1 f6 54. e6 Kf8 55.
Rc3 Ke7 56. Ke3 R8d6 57. Kf2 Rxe6 58. Bxe6 Kxe6 59. Rc4 Rd8 60. Ke3 Bd5 61. Kxd3
Bxc4+ 62. Kxc4 Rd4+ 63. Kc3 Kd5 64. Nc4 Rxd1 65. Ne3+ Ke4 66. Nxd1 Kf3 67. Kc4
Kxg3 68. Ne3 Kxh4 69. Nd5 Bd8 70. Kxc5 Kg3 71. b6 Bxb6+ 72. Kxb6 h4 73. Ne3 h3
74. Nxf5+ Kxf4 75. Nd4 h2 76. Ne2+ Kg4 0-1

[Event "Oslo GM Open"]
[Site "Oslo NOR"]
[Date "2011.10.03"]
[Round "2"]
[White "Djurhuus, Rune"]
[Black "Kvisvik, Brede"]
[Result "0-1"]
[WhiteTitle "GM"]
[WhiteElo "2458"]
[BlackElo "2235"]
[WhiteFideId "1500082"]
[BlackFideId "1502999"]
[EventDate "2011.10.02"]

1. d4 Nf6 2. Nf3 g6 3. c4 Bg7 4. Nc3 O-O 5. e4 d6 6. Be2 e5 7. O-O Nc6 8. d5 Ne7
9. b4 c6 10. a4 a5 11. bxa5 Qxa5 12. Ra3 Ne8 13. Be3 f5 14. dxc6 bxc6 15. c5
fxe4 16. cxd6 Nd5 17. Bc4 Nxd6 18. Ba2 exf3 19. Nxd5 cxd5 20. Bxd5+ Kh8 21. Bxa8
Nc4 22. Bxf3 Nxa3 23. Qb3 Ba6 24. Qxa3 Bxf1 25. Kxf1 Rb8 26. g3 Rb4 27. Qc1 Qa6+
28. Be2 Qb7 29. Bb5 Rb1 0-1

[Event "Oslo GM Open"]
[Site "Oslo NOR"]
[Date "2011.10.03"]
[Round "2"]
[White "Ostmoe, Geir S. Tallaksen"]
[Black "Gronn, Atle"]
[Result "1-0"]
[WhiteTitle "FM"]
[BlackTitle "IM"]
[WhiteElo "2443"]
[BlackElo "2378"]
[WhiteFideId "1502778"]
[BlackFideId "1500961"]
[EventDate "2011.10.02"]

1. d4 e6 2. c4 f5 3. Nf3 Nf6 4. Nc3 Bb4 5. Qb3 a5 6. g3 b6 7. Bg2 Bb7 8. O-O O-O
9. Rd1 Qc8 10. Bg5 Ne4 11. Nxe4 Bxe4 12. Bf1 h6 13. Be3 c5 14. dxc5 Nc6 15. Rd6
Bxc5 16. Bxc5 bxc5 17. Rad1 Rb8 18. Qc3 Bxf3 19. Qxf3 Rxb2 20. Qc3 Qb8 21. Rxd7
Qe5 22. Qxe5 Nxe5 23. Rc7 Rxa2 24. Rxc5 Nf7 25. Rd7 a4 26. Ra7 Nd6 27. Rc6 Rd8
28. Rcc7 Ne8 29. Re7 Ra1 30. Kg2 a3 31. e3 a2 32. Be2 Kf8 33. Rf7+ Kg8 34. Bh5
e5 35. Rxf5 Nf6 36. Rxe5 Kh7 37. Bf3 Rd2 38. Rea5 Kg6 39. c5 1-0

[Event "Oslo GM Open"]
[Site "Oslo NOR"]
[Date "2011.10.03"]
[Round "2"]
[White "Afek, Yochanan"]
[Black "Galinsky, Timofey"]
[Result "1/2-1/2"]
[WhiteTitle "IM"]
[BlackTitle "IM"]
[WhiteElo "2299"]
[BlackElo "2441"]
[WhiteFideId "2800462"]
[BlackFideId "14104164"]

1. e4 e6 2. d4 d5 3. e5 c5 4. c3 Nc6 5. Nf3 Qb6 6. a3 c4 7. Qc2 Bd7 8. Be3 Na5
9. Nbd2 Ne7 10. Be2 Nf5 11. Bf4 Be7 12. g4 Nh4 13. Nxh4 Bxh4 14. g5 h6 15. gxh6
gxh6 16. O-O O-O-O 17. Kh1 Bg5 18. Be3 f5 19. exf6 Bxf6 20. Rg1 Qd6 21. Nf3 Nc6
22. b3 Rdf8 23. b4 Be8 24. Qd2 Bg5 25. Rg3 Ne7 26. Bxg5 hxg5 27. Qxg5 Ng6 28.
Re1 Rf5 29. Qe3 Rfh5 30. Bf1 Nf4 31. Rg5 R5h6 32. Qe5 Qf8 33. Rg7 Bd7 34. Rg3
Ng6 35. Qe3 Ne7 36. Rg2 Rh3 37. Rg3 Nf5 38. Bxh3 Nxe3 39. Rxe3 Rxh3 40. Rxh3 e5
41. Nxe5 Bxh3 42. Rxh3 Qxf2 43. Rf3 Qe2 44. h3 b6 45. b5 Kc7 46. Kg1 Kd6 47. Rg3
Ke6 48. h4 Qd2 49. Rg6+ Ke7 50. Rg3 Qc2 51. Rh3 Kf8 52. Rg3 Qc1+ 53. Kg2 Qxa3
54. Kh3 Qc1 55. Nd7+ Ke7 56. Ne5 Qb1 57. Nc6+ Kf6 58. Rf3+ Kg7 59. Nxa7 Kh6 60.
Nc6 Qxb5 61. Nb4 Qd7+ 62. Kg3 Kh5 63. Re3 Qg4+ 64. Kf2 Kxh4 65. Ke1 Qg1+ 66. Kd2
Qg5 67. Ke2 Qg2+ 68. Ke1 Qg5 69. Ke2 Qg1 70. Re5 Qb1 71. Nxd5 Qd3+ 72. Kf2 Qc2+
73. Kf3 Qd1+ 74. Kf2 b5 75. Re4+ Kg5 76. Re5+ Kh4 77. Re4+ 1/2-1/2

[Event "Oslo GM Open"]
[Site "Oslo NOR"]
[Date "2011.10.03"]
[Round "2"]
[White "Hauge, Lars Oskar"]
[Black "Hole, Oystein"]
[Result "0-1"]
[BlackTitle "IM"]
[WhiteElo "2086"]
[BlackElo "2387"]
[WhiteFideId "1509276"]
[BlackFideId "1501526"]
[EventDate "2011.10.02"]

1. e4 c6 2. d4 d5 3. e5 c5 4. dxc5 e6 5. Be3 Bd7 6. Nf3 Nc6 7. c3 Nh6 8. Bd3 Qc7
9. Bd4 Nf5 10. O-O Nfxd4 11. cxd4 b6 12. cxb6 Qxb6 13. Qb3 Nxd4 14. Nxd4 Qxd4
15. Bb5 Qb4 16. Bxd7+ Kxd7 17. Qf3 Be7 18. Nc3 Ke8 19. a3 Qb3 20. Qe2 Rb8 21.
Qa6 Qb7 22. Qa4+ Kf8 23. Qf4 g6 24. Qh6+ Kg8 25. Rfd1 Bf8 26. Qe3 Kg7 27. b4 Be7
28. Qf4 Rhc8 29. Rd3 Rc4 30. Qd2 Rbc8 31. Ne2 Qc7 32. f4 a5 33. Rb1 axb4 34.
axb4 Qa7+ 35. Kh1 Rc2 36. Qe1 Qa2 37. Re3 d4 38. Nxd4 Rxg2 39. Nf3 Rcc2 40. Qf1
Rcf2 0-1

[Event "Oslo GM Open"]
[Site "Oslo NOR"]
[Date "2011.10.03"]
[Round "2"]
[White "Popilski, Gil"]
[Black "Vaarala, Eric"]
[Result "1-0"]
[WhiteTitle "IM"]
[WhiteElo "2381"]
[BlackElo "2226"]
[WhiteFideId "2809060"]
[BlackFideId "1711962"]
[EventDate "2011.10.02"]

1. e4 e6 2. d4 d5 3. Nc3 Nf6 4. e5 Nfd7 5. f4 c5 6. Nf3 Nc6 7. Be3 a6 8. Qd2 b5
9. a3 Qc7 10. g3 Bb7 11. Bg2 g5 12. f5 cxd4 13. Nxd4 Nxd4 14. Bxd4 O-O-O 15.
fxe6 fxe6 16. O-O-O Rg8 17. Rhf1 Bc5 18. Rf7 Rdf8 19. Rxd7 Kxd7 20. Bxc5 Qxc5
21. Ne4 Qc7 22. Nf6+ Kc8 23. Nxg8 Rxg8 24. Qd4 Kb8 25. Bh3 Bc8 26. Rf1 h5 27. g4
Rh8 28. Rf2 h4 29. Bf1 Rg8 30. Rf3 Qa7 31. Qb4 Qc7 32. a4 Qxe5 33. axb5 a5 34.
Qxa5 Rg7 35. b6 Qxh2 36. Kb1 Qg1 37. Qc3 d4 38. Qc5 Qh2 39. Rf8 1-0

[Event "Oslo GM Open"]
[Site "Oslo NOR"]
[Date "2011.10.03"]
[Round "2"]
[White "Kovachev, Daniel Jakobsen"]
[Black "Meurs, Tom"]
[Result "1-0"]
[WhiteTitle "FM"]
[WhiteElo "2332"]
[BlackElo "2217"]
[WhiteFideId "1503448"]
[BlackFideId "1021176"]
[EventDate "2011.10.02"]

1. d4 d5 2. Bf4 Nf6 3. e3 c5 4. c3 Nc6 5. Nd2 e6 6. Ngf3 Be7 7. Ne5 Nxe5 8. dxe5
Nd7 9. Bd3 c4 10. Bc2 b5 11. a3 Bb7 12. Qh5 g6 13. Qe2 h5 14. h3 Qc7 15. Nf3 a5
16. h4 Bf8 17. Qd2 Nc5 18. O-O a4 19. Nd4 Bc6 20. Bg5 Bg7 21. f4 Rb8 22. Rad1
Ba8 23. Qf2 Ne4 24. Bxe4 dxe4 25. Rd2 Bf8 26. Rfd1 Bc5 27. Nxb5 Qb6 28. Nd6+
Bxd6 29. Rxd6 Qa5 30. Bf6 O-O 31. f5 exf5 32. Qf4 Kh7 33. e6 Rbe8 34. e7 Rg8 35.
Rd8 Qb6 36. R1d6 Qc7 37. Qe5 Bc6 38. Qc5 1-0

[Event "Oslo GM Open"]
[Site "Oslo NOR"]
[Date "2011.10.03"]
[Round "2"]
[White "Gabrielsen, Stig"]
[Black "Vogel, Jaap"]
[Result "1/2-1/2"]
[WhiteTitle "FM"]
[BlackTitle "FM"]
[WhiteElo "2311"]
[BlackElo "2207"]
[WhiteFideId "1501518"]
[BlackFideId "1000764"]
[EventDate "2011.10.02"]

1. e4 e6 2. d4 d5 3. Nc3 Bb4 4. e5 c5 5. a3 Bxc3+ 6. bxc3 Qa5 7. Bd2 Qa4 8. Qb1
c4 9. Nf3 Nc6 10. h4 Bd7 11. h5 h6 12. g3 Nge7 13. Bg2 O-O-O 14. Qb2 Rdf8 15.
Bf4 Qa5 16. Kf1 Nf5 17. Rb1 b6 18. g4 Nfe7 19. Rh3 f6 20. Qc1 Rf7 21. Kg1 Rhf8
22. Bd2 Qa4 23. Qb2 Qa5 24. Re1 Qa4 25. Re2 Qa5 26. Qc1 Qa4 27. Nh4 f5 28. f3
Be8 29. Rg3 Rg8 30. gxf5 Nxf5 31. Nxf5 Rxf5 32. Bh3 Ne7 33. Reg2 Bxh5 34. Rxg7
Rxg7 35. Rxg7 Qe8 36. Bxh6 Bxf3 37. Bg5 Qh5 38. Bxf5 Nxf5 39. Rg8+ Kb7 40. Bf4
Qh1+ 41. Kf2 Qh7 42. Qg1 Be4 43. Ke2 1/2-1/2

[Event "Oslo GM Open"]
[Site "Oslo NOR"]
[Date "2011.10.03"]
[Round "2"]
[White "Haarr, Jon Kristian"]
[Black "Haugli, Petter"]
[Result "0-1"]
[BlackTitle "IM"]
[WhiteElo "2211"]
[BlackElo "2300"]
[WhiteFideId "1505963"]
[BlackFideId "1500104"]
[EventDate "2011.10.02"]

1. e4 c5 2. c3 e6 3. d4 d5 4. exd5 exd5 5. Nf3 Nc6 6. Bb5 Bd6 7. dxc5 Bxc5 8.
O-O Ne7 9. Nbd2 O-O 10. Nb3 Bb6 11. Bg5 f6 12. Bf4 Ng6 13. Bg3 f5 14. h3 f4 15.
Bh2 Bf5 16. Bxc6 bxc6 17. Nbd4 Bd7 18. Re1 Qf6 19. Qd2 c5 20. Ne2 Bc6 21. Kh1 d4
22. Neg1 Ba5 23. Rac1 Rad8 24. Qc2 d3 25. Qd2 c4 26. b3 Nh4 27. Nxh4 Qxh4 28.
Re6 Bd5 29. Re5 Bc7 30. Rxd5 Rxd5 31. Nf3 Qf6 32. bxc4 Rd7 33. Nd4 Bb6 34. Qxd3
Bxd4 35. cxd4 Qxd4 36. Qf3 Rc7 37. c5 Rxc5 38. Rxc5 Qxc5 39. Bxf4 Qc4 40. g3
Qxa2 41. Kg2 Rd8 42. Qg4 Qd5+ 43. Kh2 Qe4 44. Qh5 h6 45. Be3 Rd5 46. Qe2 a5 47.
Qa2 Kh7 48. Qa1 a4 49. h4 Rb5 50. Qc3 Rb1 51. f3 Rb3 0-1

[Event "Oslo GM Open"]
[Site "Oslo NOR"]
[Date "2011.10.03"]
[Round "2"]
[White "Andersen, Alf R."]
[Black "Dolzhikova, Olga"]
[Result "1-0"]
[BlackTitle "WGM"]
[WhiteElo "2206"]
[BlackElo "2275"]
[WhiteFideId "1503120"]
[BlackFideId "14105870"]
[EventDate "2011.10.02"]

1. e4 e5 2. f4 exf4 3. Nf3 d5 4. exd5 Nf6 5. Bb5+ c6 6. dxc6 bxc6 7. Bc4 Nd5 8.
O-O Be6 9. Bxd5 cxd5 10. d4 Bd6 11. Nc3 Nc6 12. Ne2 g5 13. c3 O-O 14. b4 a6 15.
Qa4 Bd7 16. Qb3 Be6 17. Qa4 Rc8 18. Qxa6 g4 19. Ne1 f3 20. gxf3 Bxh2+ 21. Kxh2
Qh4+ 22. Kg2 Kh8 23. Bf4 gxf3+ 24. Rxf3 Bg4 25. Qd3 Rce8 26. Bg3 Bxf3+ 27. Nxf3
Qg4 28. Rh1 f5 29. Rh4 Qg6 30. Nf4 Qg7 31. Rh5 Rg8 32. Ng5 h6 33. Rxh6+ 1-0

[Event "Oslo GM Open"]
[Site "Oslo NOR"]
[Date "2011.10.03"]
[Round "2"]
[White "Hagesaether, Ellen"]
[Black "Guttulsrud, Odd Martin"]
[Result "1-0"]
[WhiteTitle "WIM"]
[WhiteElo "2263"]
[BlackElo "2190"]
[WhiteFideId "1501909"]
[BlackFideId "1507249"]
[EventDate "2011.10.02"]

1. c4 Nf6 2. Nc3 g6 3. e4 d6 4. Nge2 Bg7 5. d4 O-O 6. Ng3 c5 7. d5 e6 8. Be2
exd5 9. exd5 a6 10. a4 Nbd7 11. O-O Re8 12. Bf4 Ne5 13. Qd2 h5 14. Bg5 Ned7 15.
Rfe1 Nf8 16. Bd3 Rxe1+ 17. Rxe1 N8h7 18. Bf4 Ng4 19. Nge4 Ne5 20. Nxc5 Qh4 21.
Bf1 g5 22. Bg3 Qg4 23. Be2 Qf5 24. N5e4 Bf8 25. Bxe5 Qxe5 26. Bxh5 g4 27. Ng3
Qg7 28. Re8 Nf6 29. Rd8 Nxh5 30. Nxh5 Qe5 31. Ne4 f5 32. Nef6+ Kf7 33. h3 Be7
34. Qh6 Qe1+ 35. Kh2 Qe5+ 36. g3 Bxf6 37. Rf8+ Ke7 38. Rxf6 Kd8 39. Qh8+ Kc7 40.
Rf7+ Bd7 41. Qxe5 dxe5 42. Nf6 Rd8 43. h4 Kd6 44. Rxd7+ Rxd7 45. Nxd7 Kxd7 46.
h5 1-0

[Event "Oslo GM Open"]
[Site "Oslo NOR"]
[Date "2011.10.03"]
[Round "2"]
[White "Lillevold, Frode"]
[Black "Arvola, Benjamin"]
[Result "1/2-1/2"]
[WhiteElo "2164"]
[BlackElo "2244"]
[WhiteFideId "1502913"]
[BlackFideId "1506536"]
[EventDate "2011.10.02"]

1. d4 e6 2. c4 Nf6 3. Nc3 Bb4 4. Qc2 c5 5. dxc5 Na6 6. a3 Bxc3+ 7. Qxc3 Nxc5 8.
b4 Nce4 9. Qb2 O-O 10. f3 Nd6 11. e4 e5 12. Bg5 h6 13. Bh4 Qe7 14. Nh3 b6 15.
Nf2 Qe6 16. Rc1 Ba6 17. b5 Bb7 18. Nd3 Nxc4 19. Rxc4 Qxc4 20. Bxf6 gxf6 21. Nxe5
Qe6 22. Ng4 Rfc8 23. Nxh6+ Kh7 24. Nf5 Qe5 25. Qxe5 fxe5 26. Nd6 Rc1+ 27. Kd2
Ra1 28. Nxb7 Rc8 29. Nd6 Rcc1 30. Nxf7 Rxf1 31. Rxf1 Rxf1 32. Nxe5 Rf2+ 33. Kc3
Rxg2 34. Nxd7 Rxh2 35. Kc4 Ra2 36. Kb3 Rf2 37. Ne5 Kg7 38. Kb4 Rb2+ 39. Ka4 Rc2
40. Nc6 Rc3 41. Nxa7 Rxf3 42. Nc8 Rf6 43. Kb4 Kf7 44. a4 Re6 45. Nxb6 Rxe4+ 46.
Nc4 Ke6 47. Kc5 Re1 48. a5 Kd7 49. a6 Kc8 50. Na5 Kb8 51. Nc6+ Ka8 52. b6 Rc1+
53. Kd6 Rb1 54. b7+ 1/2-1/2

[Event "Oslo GM Open"]
[Site "Oslo NOR"]
[Date "2011.10.03"]
[Round "2"]
[White "Sousa, Ludy Helsio Paulo"]
[Black "Arjun, Bharat"]
[Result "0-1"]
[BlackTitle "CM"]
[WhiteElo "2238"]
[BlackElo "2156"]
[WhiteFideId "1504134"]
[BlackFideId "5032725"]
[EventDate "2011.10.02"]

1. e4 c5 2. Nf3 d6 3. d4 cxd4 4. Nxd4 Nf6 5. Nc3 g6 6. Be3 Bg7 7. f3 O-O 8. Qd2
Nc6 9. O-O-O d5 10. exd5 Nxd5 11. Nxc6 bxc6 12. Bd4 e5 13. Bc5 Be6 14. Ne4 Re8
15. h4 Rb8 16. Bc4 f5 17. Ng5 e4 18. Bb3 Qf6 19. c3 e3 20. Qc2 Bh6 21. f4 Nxf4
22. Rd6 Bxg5 23. hxg5 Qxg5 24. Rd7 Bxb3 25. Rhxh7 Nd3+ 26. Kb1 Bxc2+ 27. Ka1 Qf6
28. Bd4 e2 0-1

[Event "Oslo GM Open"]
[Site "Oslo NOR"]
[Date "2011.10.03"]
[Round "2"]
[White "Thingstad, Even"]
[Black "Flaata, Alexander R."]
[Result "1/2-1/2"]
[WhiteElo "2234"]
[BlackElo "2108"]
[WhiteFideId "1506439"]
[BlackFideId "1502026"]
[EventDate "2011.10.02"]

1. d4 Nf6 2. c4 c5 3. d5 b5 4. cxb5 a6 5. bxa6 g6 6. Nc3 Bxa6 7. g3 d6 8. Bg2
Bg7 9. Nf3 Nfd7 10. Qc2 Nb6 11. h4 h6 12. O-O N8d7 13. Rb1 Nc4 14. b3 Qa5 15.
Na4 Bb5 16. bxc4 Qxa4 17. Qxa4 Bxa4 18. Bb2 Nf6 19. Bc3 Bd7 20. Rb7 Bc8 21. Rb2
O-O 22. Ra1 Ra4 23. Nd2 Ba6 24. Rc1 Ra8 25. Rbc2 Bc8 26. Bxf6 Bxf6 27. Be4 Rxa2
28. Kg2 Bd7 29. Bd3 R2a3 30. Nb1 Ra1 31. Nd2 R1a4 32. Rb1 Rb4 33. Rbc1 Bb2 34.
Rb1 Rab8 35. Ne4 f5 36. Nd2 Ba4 37. Rcc1 Bxc1 38. Rxc1 Rb2 39. Nf3 Bd7 40. Ra1
Kg7 41. Ra7 R2b7 42. Ra1 Kf6 43. Nd2 Rb2 44. Nf1 g5 45. hxg5+ hxg5 46. f4 g4 47.
Ne3 R8b3 48. Kf1 Rb7 49. Kf2 Rb8 50. Rh1 R8b3 51. Kf1 Ra3 52. Rh6+ Kg7 53. Rh5
Kf6 54. Rh6+ Kg7 55. Rh5 Rb8 56. Nxf5+ Bxf5 57. Rg5+ Kh8 58. Rxf5 Rg8 59. Rf7
Rg7 60. Rf5 Kg8 61. Rh5 Kf7 62. Kf2 e6 63. dxe6+ Kxe6 64. Be4 Ke7 65. Rh6 Kd7
66. f5 Re7 67. Bd3 Rf7 68. Ke3 Rxf5 69. Rg6 d5 70. Rxg4 d4+ 71. Ke4 Rf6 72. Rg5
Ra5 73. Kd5 Rd6+ 74. Ke5 Re6+ 75. Kd5 Rd6+ 76. Ke5 Re6+ 77. Kd5 Re7 78. Rg6 Kd8
79. g4 Rd7+ 80. Rd6 Ke7 81. Rxd7+ Kxd7 82. g5 Ke7 83. g6 Kf6 84. Kc6 Ra7 85.
Kxc5 Ke5 86. Kb6 Rg7 87. c5 Kd5 88. c6 Kd6 89. Bc4 Rc7 90. Kb5 Rxc6 91. Bf7 Rc5+
92. Kb4 Rg5 93. Kc4 Ke5 94. Kc5 Ke4+ 95. Kd6 Ke3 96. Ke6 Kxe2 97. Kf6 Rg1 98. g7
d3 99. g8=Q Rxg8 100. Bxg8 1/2-1/2

[Event "Oslo GM Open"]
[Site "Oslo NOR"]
[Date "2011.10.03"]
[Round "2"]
[White "Tari, Aryan"]
[Black "Gronnestad, Anita"]
[Result "1-0"]
[WhiteElo "2224"]
[BlackElo "1990"]
[WhiteFideId "1510045"]
[BlackFideId "1502972"]
[EventDate "2011.10.02"]

1. e4 e5 2. Nf3 Nc6 3. d4 exd4 4. Nxd4 Nf6 5. Nxc6 bxc6 6. Bd3 d5 7. e5 Ng4 8.
O-O Be7 9. Qe2 h5 10. Nc3 Rb8 11. b3 Nh6 12. Nd1 Bg4 13. f3 Bf5 14. Bb2 Be6 15.
Kh1 Qd7 16. Qf2 c5 17. c4 c6 18. Nc3 d4 19. Na4 Qc7 20. Ba3 Qa5 21. Qe1 Qxe1 22.
Rfxe1 Nf5 23. Bxf5 Bxf5 24. Bxc5 Bxc5 25. Nxc5 Ke7 26. Rad1 Rbd8 27. Rd2 Rhe8
28. Kg1 Kf8 29. Kf2 g5 30. Nb7 1-0